000 00813nam a2200265 a 4500
001 BRCA_5516
005 20190320205119.0
008 040211s1946----nyua###f##---#001-0#eng-#
041 _aeng
044 _anyu
050 4 _aN5963
_b.C56 1946
245 1 0 _aThe Cloisters
_cpreface by H. E. Winlock.
250 _a7
260 _aNueva York
_bMetropolitan Museum of Art
_c1946
300 _axxxii, 122 p.
_bil., 61 láminas, planos
_c22 cm.
500 _aVer también E39 (1951) e Y11 (1963)
500 _aE41
650 1 4 _aArtes decorativas
_vExposiciones
_914091
650 1 4 _aArte
_vCatálogos
_zEstados Unidos
_914092
650 1 4 _aGalerías y museos
_zEstados Unidos
_97437
700 1 _aWinlock, H. E.
_914093
710 2 _aMetropolitan Museum of Art (New York)
_914094
902 _aGFM
942 _2lcc
_cB
999 _c5210
_d5210